[Event "San Salvador zt 2.3"]
[Site "San Salvador"]
[Date "2017.05.27"]
[Round "2"]
[White "Espinoza Roman, Juan Carlos"]
[Black "Vasquez, Fredy"]
[Result "1-0"]
[WhiteElo "1810"]
[BlackElo "1506"]
[PlyCount "89"]
[EventDate "2017.05.26"]
[EventType "swiss"]
[EventRounds "9"]
[EventCountry "ESA"]
[SourceTitle "CBM 178 Extra"]
[Source "ChessBase"]
[SourceDate "2017.06.22"]
[SourceVersion "1"]
[SourceVersionDate "2017.06.22"]
[SourceQuality "1"]

1. d4 d5 2. Nf3 Nf6 3. Bf4 Bf5 4. e3 e6 5. Nbd2 h6 6. h3 a6 7. c4 c5 8. Be2 Nc6 9. a3 Be7 10. Qb3 Na5 11. Qa4+ Nc6 12. Ne5 Rc8 13. cxd5 Qxd5 14. Bf3 Ne4 15. Rd1 0-0 16. Nxe4 Rfd8 17. Nf6+ Bxf6 18. Bxd5 Rxd5 19. Nxc6 Rxc6 20. 0-0 Kh7 21. dxc5 Rdxc5 22. Rd2 a5 23. Qd1 Bc2 24. Qe2 Ba4 25. Qd3+ g6 26. Qd7 Kg7 27. Qxb7 Bb5 28. Rfd1 Ba6 29. Qa7 g5 30. Bg3 Bc8 31. b4 axb4 32. axb4 Rc3 33. b5 R6c5 34. b6 e5 35. b7 Rc7 36. b8Q Rxa7 37. Qxa7 Be6 38. Rd6 Kg6 39. Qb6 h5 40. Rxe6 h4 41. Rxf6+ Kg7 42. Bxe5 Ra3 43. Rh6+ Kf8 44. Rh8+ Ke7 45. Bf6# 1-0